[Event "4NCL/Div3/KJCAK vs. BCA"]
[Site "Hinckley Island ENG"]
[Date "2008.12.07"]
[Round "4.6"]
[White "Cole, Tristram C"]
[Black "Jones, Laurence"]
[Result "1/2-1/2"]
[WhiteElo "1970"]
[BlackElo "1743"]
[PlyCount "63"]
[EventDate "2008.12.07"]
[SourceDate "2008.10.04"]

1. e4 c5 2. Nf3 d6 3. d4 cxd4 4. Nxd4 Nf6 5. Nc3 g6 6. Be3 Bg7 7. f3 h5 8. Qd2
Bd7 9. O-O-O Nc6 10. h3 a6 11. f4 Rc8 12. Kb1 O-O 13. Be2 b5 14. Bf3 Na5 15. b3
Qc7 16. Nd5 Nxd5 17. exd5 e5 18. dxe6 fxe6 19. Be4 e5 20. Bd5+ Kh7 21. Ne6 Bxe6
22. Bxe6 exf4 23. Bxf4 Rxf4 24. Bxc8 Rd4 25. Qe3 Rxd1+ 26. Rxd1 Qxc8 27. Rxd6
Nc6 28. Qe6 Qxe6 29. Rxe6 Nb8 30. Re8 Nc6 31. Ra8 Nb4 32. a3 1/2-1/2

[Event "4NCL/Div3/FPONTY vs. HAL"]
[Site "Hinckley Island ENG"]
[Date "2008.12.07"]
[Round "4.1"]
[White "Sully, David"]
[Black "Pugh, Glyn D"]
[Result "1/2-1/2"]
[WhiteElo "2135"]
[BlackElo "2045"]
[PlyCount "57"]
[EventDate "2008.12.07"]
[SourceDate "2008.10.04"]

1. e4 e6 2. d4 d5 3. e5 c5 4. c3 Nc6 5. Nf3 Qb6 6. a3 c4 7. Nbd2 Na5 8. Be2 f6
9. O-O Bd7 10. Re1 Ne7 11. Bf1 Ng6 12. g3 Be7 13. h4 O-O-O 14. h5 Nf8 15. exf6
gxf6 16. Bh3 Bd6 17. Qe2 e5 18. Bxd7+ Nxd7 19. Qe3 Rdf8 20. Qh6 e4 21. Nh4 f5
22. Qe6 f4 23. Nf1 Nb3 24. Rb1 Nxc1 25. Rexc1 Qc6 26. Nf5 Rf6 27. Qxd6 Qxd6 28.
Nxd6+ Rxd6 29. gxf4 1/2-1/2

[Event "4NCL/Div3/FPONTY vs. HAL"]
[Site "Hinckley Island ENG"]
[Date "2008.12.07"]
[Round "4.2"]
[White "Lee, Darren"]
[Black "Adams, Mark A"]
[Result "1/2-1/2"]
[WhiteElo "1950"]
[BlackElo "2034"]
[PlyCount "55"]
[EventDate "2008.12.07"]
[SourceDate "2008.10.04"]

1. d4 Nf6 2. c4 e6 3. Nc3 Bb4 4. Qc2 O-O 5. Bg5 d5 6. cxd5 exd5 7. a3 Bxc3+ 8.
Qxc3 Nbd7 9. e3 c6 10. Qc2 Qb6 11. Bd3 h6 12. Bh4 Re8 13. Ne2 Ne4 14. O-O c5
15. dxc5 Ndxc5 16. b4 Nxd3 17. Qxd3 Be6 18. Qd4 Qxd4 19. Nxd4 Rac8 20. Rfc1 Rc4
21. Rxc4 dxc4 22. f3 Nd2 23. Rc1 Nb3 24. Rc3 Nxd4 25. exd4 b5 26. Bf2 Ra8 27.
Be1 Rd8 28. Bf2 1/2-1/2

[Event "4NCL/Div3/FPONTY vs. HAL"]
[Site "Hinckley Island ENG"]
[Date "2008.12.07"]
[Round "4.3"]
[White "Perrett, David"]
[Black "Bull, Philip"]
[Result "1/2-1/2"]
[WhiteElo "1996"]
[BlackElo "1925"]
[PlyCount "51"]
[EventDate "2008.12.07"]
[SourceDate "2008.10.04"]

1. d4 d5 2. Bg5 h6 3. Bf4 Nf6 4. e3 Bf5 5. c4 e6 6. Qb3 Qc8 7. Nc3 c6 8. h4 Be7
9. h5 Nbd7 10. f3 dxc4 11. Bxc4 Nb6 12. e4 Bh7 13. a4 Nxc4 14. Qxc4 a5 15. Nge2
Ra6 16. Nc1 Rb6 17. Nd3 Qd8 18. Be3 Ra6 19. Rd1 O-O 20. g4 Nd7 21. Ke2 Nb6 22.
Qb3 Nc8 23. Nc5 Rb6 24. Qa2 Nd6 25. Nd3 Ra6 26. Nc5 1/2-1/2

[Event "4NCL/Div3/FPONTY vs. HAL"]
[Site "Hinckley Island ENG"]
[Date "2008.12.07"]
[Round "4.4"]
[White "Asbury, Jon A"]
[Black "Robinson, David"]
[Result "0-1"]
[WhiteElo "1865"]
[BlackElo "1986"]
[PlyCount "53"]
[EventDate "2008.12.07"]
[SourceDate "2008.10.04"]

1. d4 Nf6 2. c4 c5 3. d5 b5 4. cxb5 a6 5. Nc3 d6 6. e4 g6 7. f4 Bg7 8. Nf3 O-O
9. bxa6 Qa5 10. Bd3 Nxa6 11. O-O Nc7 12. Qe2 Rb8 13. Rb1 e6 14. Bd2 Qa7 15. Bc4
exd5 16. exd5 Re8 17. Qd1 Bf5 18. Ra1 Rxb2 19. Bb3 c4+ 20. Kh1 cxb3 21. axb3
Qb7 22. Nd4 Bg4 23. Qc1 Rxd2 24. Qxd2 Nfxd5 25. Ra3 Nxc3 26. Qxc3 Nb5 27. Nxb5
0-1

[Event "4NCL/Div3/FPONTY vs. HAL"]
[Site "Hinckley Island ENG"]
[Date "2008.12.07"]
[Round "4.5"]
[White "StClair, Allan"]
[Black "Peck, Windsor W"]
[Result "1-0"]
[WhiteElo "1836"]
[BlackElo "1845"]
[PlyCount "65"]
[EventDate "2008.12.07"]
[SourceDate "2008.10.04"]

1. d4 d5 2. Bf4 Nf6 3. e3 e6 4. Nf3 Nbd7 5. Nbd2 Be7 6. Ne5 Nxe5 7. dxe5 Nd7 8.
Bd3 O-O 9. Qg4 f5 10. Qg3 Qe8 11. Nf3 Qg6 12. Qxg6 hxg6 13. h4 Nc5 14. h5 Nxd3+
15. cxd3 gxh5 16. Rxh5 Bd7 17. Ke2 Be8 18. Rh3 Bg6 19. Rah1 c5 20. Bg5 Kf7 21.
Rg3 c4 22. Bxe7 Rh8 23. Rxh8 Rxh8 24. Bc5 f4 25. Ng5+ Ke8 26. exf4 Bxd3+ 27.
Kd2 b6 28. Be3 Kd7 29. Nf3 g6 30. Rh3 Rd8 31. Rh7+ Kc8 32. Rxa7 Be4 33. Ra8+
1-0

[Event "4NCL/Div3/OXF3 vs. GUI5"]
[Site "Hinckley Island ENG"]
[Date "2008.12.07"]
[Round "4.1"]
[White "Duggan, Chris"]
[Black "Eckloff, Colin"]
[Result "1/2-1/2"]
[WhiteElo "2044"]
[BlackElo "2010"]
[PlyCount "94"]
[EventDate "2008.12.07"]
[SourceDate "2008.10.04"]

1. e4 d5 2. exd5 Nf6 3. Nf3 Qxd5 4. Nc3 Qa5 5. Bc4 Bf5 6. d3 e6 7. O-O c6 8.
Bf4 Be7 9. Qd2 O-O 10. Rfe1 Bb4 11. Nd4 Bg6 12. Nb3 Qd8 13. Nc1 Bxc3 14. Qxc3
Nbd7 15. Bg5 Rc8 16. Ne2 h6 17. Bh4 Ne4 18. Bxd8 Nxc3 19. Ba5 Nxe2+ 20. Rxe2 b5
21. Bb3 c5 22. Rd1 Nb8 23. Be1 Rfd8 24. Red2 Nc6 25. f3 a5 26. c3 Ne5 27. Bc2
Rd7 28. Bg3 Nc6 29. Bf2 Ne7 30. d4 Bxc2 31. Rxc2 cxd4 32. Rxd4 Rxd4 33. Bxd4
Nf5 34. Bb6 a4 35. Re2 Rc6 36. Bf2 a3 37. g4 Ne7 38. bxa3 Rxc3 39. Kg2 Nd5 40.
Rb2 Rxa3 41. Rxb5 Rxa2 42. Kg3 Ra4 43. Rb8+ Kh7 44. Rb7 f5 45. gxf5 exf5 46.
Bc5 Ra6 47. Bd4 Nf6 1/2-1/2

[Event "4NCL/Div3/OXF3 vs. GUI5"]
[Site "Hinckley Island ENG"]
[Date "2008.12.07"]
[Round "4.2"]
[White "Deswarte, Ian"]
[Black "Jeffries, Majid"]
[Result "1/2-1/2"]
[WhiteElo "1950"]
[BlackElo "2019"]
[PlyCount "61"]
[EventDate "2008.12.07"]
[SourceDate "2008.10.04"]

1. e4 c5 2. Nf3 d6 3. d4 cxd4 4. Nxd4 Nf6 5. Nc3 Nc6 6. Be2 g6 7. Be3 Bg7 8.
O-O O-O 9. h3 a6 10. Qd2 Bd7 11. Nb3 b5 12. a3 Ne5 13. Bh6 Nc4 14. Bxc4 bxc4
15. Bxg7 Kxg7 16. Nd4 Rb8 17. Rab1 Rb7 18. b4 cxb3 19. Rxb3 Rxb3 20. cxb3 Qa5
21. Qb2 e5 22. Nde2 Bc6 23. Ng3 h5 24. b4 Qb6 25. Qd2 Qd4 26. Qg5 Bd7 27. Nd5
Nxd5 28. Nxh5+ Kh7 29. exd5 gxh5 30. Qxh5+ Kg7 31. Qg5+ 1/2-1/2

[Event "4NCL/Div3/OXF3 vs. GUI5"]
[Site "Hinckley Island ENG"]
[Date "2008.12.07"]
[Round "4.3"]
[White "Levicki, Jeffrey"]
[Black "Gibbs, Daniel"]
[Result "1-0"]
[WhiteElo "1940"]
[BlackElo "1925"]
[PlyCount "95"]
[EventDate "2008.12.07"]
[SourceDate "2008.10.04"]

1. e4 g6 2. d4 Bg7 3. Nc3 d6 4. f4 e6 5. Nf3 Ne7 6. Bd3 a6 7. Be3 Nd7 8. f5
exf5 9. exf5 Nxf5 10. Bxf5 gxf5 11. Qd2 Nb6 12. Bg5 f6 13. Bh6 Kf7 14. O-O-O
Qf8 15. Bf4 Bd7 16. Rhe1 d5 17. Qd3 Bh6 18. Bxh6 Qxh6+ 19. Qe3 Qxe3+ 20. Rxe3
Rae8 21. Rde1 Rxe3 22. Rxe3 Re8 23. Rxe8 Kxe8 24. b3 c6 25. Kd2 Nc8 26. Ke3 Nd6
27. Kf4 Kf7 28. Ne2 Ne4 29. Nh4 b6 30. Nxf5 Bxf5 31. Kxf5 Nd6+ 32. Kg4 Nb5 33.
Kh5 Kg7 34. c3 a5 35. h3 Na3 36. Nf4 Nc2 37. Ne6+ Kf7 38. Nd8+ Ke7 39. Nxc6+
Kd7 40. Na7 Ne3 41. g4 Nd1 42. Nb5 Kc6 43. a4 Nf2 44. h4 Ne4 45. Kh6 Nf2 46.
Kxh7 Nxg4 47. Kg6 Kd7 48. Kf5 1-0

[Event "4NCL/Div3/OXF3 vs. GUI5"]
[Site "Hinckley Island ENG"]
[Date "2008.12.07"]
[Round "4.4"]
[White "Higgs, Anthony"]
[Black "Terry, Sean"]
[Result "1/2-1/2"]
[WhiteElo "1995"]
[BlackElo "1848"]
[PlyCount "111"]
[EventDate "2008.12.07"]
[SourceDate "2008.10.04"]

1. d4 Nf6 2. Nf3 g6 3. e3 Bg7 4. Bd3 O-O 5. Nbd2 d5 6. b3 c5 7. Bb2 Nc6 8. a3
Nd7 9. O-O cxd4 10. exd4 Nc5 11. Bb5 Ne6 12. Bxc6 bxc6 13. Ne5 Qb6 14. Ndf3 f6
15. Nd3 a5 16. Re1 Bd7 17. a4 Rfe8 18. Qd2 Nf8 19. h3 Bf5 20. Rad1 Be4 21. Qe2
Nd7 22. Nd2 Bxd3 23. Qxd3 e5 24. dxe5 fxe5 25. Qg3 e4 26. Bxg7 Kxg7 27. Nxe4
Qb4 28. Qc3+ Qxc3 29. Nxc3 Nf6 30. Kf1 Kf7 31. Rxe8 Nxe8 32. Ne2 Ke6 33. Nd4+
Kd6 34. Re1 Nc7 35. Nf3 Ne6 36. Rd1 Rb8 37. Nd4 Nc5 38. f3 Rb7 39. Ke2 Na6 40.
Kd2 Nc7 41. Ke3 c5 42. Nb5+ Nxb5 43. axb5 Rxb5 44. Ra1 g5 45. Ra4 Ke5 46. g3
d4+ 47. Kd3 Kd5 48. Ra1 a4 49. Rxa4 Rb7 50. Ke2 Re7+ 51. Kf2 Re3 52. Rc4 h5 53.
h4 gxh4 54. gxh4 Re5 55. Ra4 Re3 56. Rc4 1/2-1/2

[Event "4NCL/Div3/OXF3 vs. GUI5"]
[Site "Hinckley Island ENG"]
[Date "2008.12.07"]
[Round "4.5"]
[White "Henbest, Kevin B"]
[Black "Quinn, Joseph"]
[Result "0-1"]
[WhiteElo "1795"]
[BlackElo "1846"]
[PlyCount "70"]
[EventDate "2008.12.07"]
[SourceDate "2008.10.04"]

1. e4 e5 2. Nf3 Nc6 3. Bb5 a6 4. Ba4 Nf6 5. O-O Be7 6. Re1 b5 7. Bb3 O-O 8. a4
b4 9. a5 d6 10. h3 Be6 11. c3 Rb8 12. Bxe6 fxe6 13. Qa4 Rb5 14. cxb4 Qd7 15.
Qc2 Nxb4 16. Qc4 d5 17. exd5 exd5 18. Nxe5 Qf5 19. Qe2 Ne4 20. Nf3 Nc2 21. Ra4
Nxe1 22. Qxe1 Qg6 23. Qe2 Nxf2 24. Qxf2 Qxb1 25. Qe1 Bb4 26. Nd4 Bc5 27. Kh1
Bxd4 28. Rxd4 Rc5 29. Qe6+ Kh8 30. Rf4 Rxc1+ 31. Kh2 Rh1+ 32. Kg3 Qd3+ 33. Kg4
Rxf4+ 34. Kxf4 Rf1+ 35. Kg4 Qe4+ 0-1

[Event "4NCL/Div3/OXF3 vs. GUI5"]
[Site "Hinckley Island ENG"]
[Date "2008.12.07"]
[Round "4.6"]
[White "Shaw, Matthew"]
[Black "Foster, Chantelle"]
[Result "1-0"]
[WhiteElo "1925"]
[BlackElo "1600"]
[PlyCount "77"]
[EventDate "2008.12.07"]
[SourceDate "2008.10.04"]

1. e4 c5 2. Nf3 d6 3. d4 cxd4 4. Nxd4 Nf6 5. Nc3 g6 6. Be3 Bg7 7. Bc4 O-O 8.
Bb3 Nc6 9. f3 Bd7 10. Qd2 Rc8 11. h4 h5 12. O-O-O Qa5 13. Kb1 Ne5 14. Bh6 Nc4
15. Bxc4 Rxc4 16. Bxg7 Kxg7 17. Nb3 Qb6 18. Rhe1 a5 19. e5 dxe5 20. Nd5 Nxd5
21. Qxd5 Be6 22. Qxe5+ Kg8 23. Qxa5 Qc6 24. Nd4 Qc8 25. Nxe6 fxe6 26. Qg5 Rf6
27. c3 Kg7 28. g4 Rcf4 29. gxh5 R4f5 30. h6+ Kh7 31. Qd2 Rf7 32. Qd7 Qb8 33.
Rxe6 Rxf3 34. Rxe7 Rxe7 35. Qxe7+ Kxh6 36. Qg5+ Kg7 37. h5 Rf6 38. Rd7+ Rf7 39.
Qxg6+ 1-0

[Event "4NCL/Div3/CELT2 vs. SCS"]
[Site "Hinckley Island ENG"]
[Date "2008.12.07"]
[Round "4.1"]
[White "Fathallah, Joe"]
[Black "Lutton, E Josiah"]
[Result "0-1"]
[WhiteElo "1976"]
[BlackElo "2081"]
[PlyCount "52"]
[EventDate "2008.12.07"]
[SourceDate "2008.10.04"]

1. d4 e6 2. Nf3 Nf6 3. Bf4 b6 4. e3 Bb7 5. Bd3 Be7 6. Nbd2 c5 7. h3 d6 8. c3
Nbd7 9. Qc2 a6 10. O-O b5 11. Bh2 Qb6 12. a4 O-O 13. Ng5 h6 14. Nge4 Nd5 15.
dxc5 dxc5 16. Nf3 f5 17. Ned2 c4 18. Be2 Nxe3 19. fxe3 Qxe3+ 20. Rf2 Bc5 21.
Nd4 e5 22. Re1 exd4 23. Bxc4+ bxc4 24. Rxe3 dxe3 25. Nxc4 exf2+ 26. Kf1 Rfe8
0-1

[Event "4NCL/Div3/CELT2 vs. SCS"]
[Site "Hinckley Island ENG"]
[Date "2008.12.07"]
[Round "4.2"]
[White "Sathyanandha, Saravanan"]
[Black "O'Grady, Gary"]
[Result "1-0"]
[WhiteElo "1951"]
[BlackElo "1932"]
[PlyCount "71"]
[EventDate "2008.12.07"]
[SourceDate "2008.10.04"]

1. e4 c5 2. c3 b6 3. d4 Bb7 4. d5 Nf6 5. f3 e6 6. d6 Nc6 7. Na3 Qb8 8. Nb5 h5
9. Bg5 a6 10. Nc7+ Kd8 11. Nxa8 Bxa8 12. Qd2 Qxd6 13. Qxd6 Bxd6 14. O-O-O Be7
15. Bxa6 Kc7 16. Bf4+ e5 17. Bg3 Bb7 18. Bc4 Rf8 19. Nh3 Na5 20. Bxe5+ d6 21.
Bxf6 Bxf6 22. Bd5 Bxd5 23. Rxd5 Nc4 24. Re1 Ra8 25. Kb1 g6 26. Ng5 Bxg5 27.
Rxg5 Nd2+ 28. Kc2 Nc4 29. a3 Ne5 30. f4 Ng4 31. h3 Nf6 32. e5 dxe5 33. fxe5 Nd5
34. e6 fxe6 35. Rxg6 Nf4 36. Rf6 1-0

[Event "4NCL/Div3/CELT2 vs. SCS"]
[Site "Hinckley Island ENG"]
[Date "2008.12.07"]
[Round "4.3"]
[White "Kitchen, Peter J"]
[Black "Heard, Andrew H"]
[Result "1/2-1/2"]
[WhiteElo "1895"]
[BlackElo "1975"]
[PlyCount "62"]
[EventDate "2008.12.07"]
[SourceDate "2008.10.04"]

1. e4 e6 2. d4 d5 3. Nd2 Nf6 4. e5 Nfd7 5. Bd3 c5 6. c3 Nc6 7. Ne2 f6 8. Nf4
Nb6 9. Qh5+ Kd7 10. Ng6 hxg6 11. Qxh8 fxe5 12. Bxg6 Qf6 13. Nf3 Qxg6 14. Qxf8
cxd4 15. O-O d3 16. Be3 Qf6 17. Qh8 Nc4 18. b3 Nd6 19. Rfd1 e4 20. Nd4 e5 21.
Nxc6 bxc6 22. Qh5 Kc7 23. h3 Be6 24. Qg5 a6 25. Qxf6 gxf6 26. Rac1 Rg8 27. Kh2
Nf5 28. g3 Rh8 29. h4 Nxe3 30. fxe3 Bg4 31. Rd2 Kd6 1/2-1/2

[Event "4NCL/Div3/CELT2 vs. SCS"]
[Site "Hinckley Island ENG"]
[Date "2008.12.07"]
[Round "4.4"]
[White "Bogoda, Sagara T"]
[Black "Larter, Nick"]
[Result "0-1"]
[WhiteElo "1870"]
[BlackElo "1819"]
[PlyCount "112"]
[EventDate "2008.12.07"]
[SourceDate "2008.10.04"]

1. d4 e6 2. c4 b6 3. Nc3 Bb7 4. e4 Bb4 5. Qc2 Qh4 6. Bd3 f5 7. d5 fxe4 8. Bxe4
Nf6 9. Bf3 exd5 10. Qe2+ Kf7 11. Be3 Ne4 12. Qd3 Re8 13. O-O-O Bxc3 14. bxc3
Na6 15. cxd5 Nac5 16. Bxc5 Nxc5 17. Qf5+ Kg8 18. d6 Be4 19. Bxe4 Qxe4 20. Qh3
cxd6 21. Qf3 Qa4 22. Qd5+ Kh8 23. Nh3 Rac8 24. Ng5 Ne6 25. Nxe6 dxe6 26. Qd2
Qa3+ 27. Kb1 d5 28. Rc1 b5 29. Qb2 Qxb2+ 30. Kxb2 Rc6 31. Rcd1 Rec8 32. Rc1 Kg8
33. f4 g6 34. a3 Kf7 35. Rhe1 Rc4 36. g3 R8c6 37. Red1 Re4 38. Rc2 Kf6 39. Rf2
Kf5 40. Rdd2 Re3 41. Rc2 Ra6 42. Rcd2 Rc6 43. Rc2 Re4 44. Rfd2 a5 45. Kb3 h5
46. Re2 Rxe2 47. Rxe2 Kg4 48. Re5 Kf3 49. Rg5 Ke3 50. Rxg6 Kd3 51. g4 hxg4 52.
Rxg4 Rxc3+ 53. Kb2 Rc2+ 54. Kb3 Rxh2 55. Rg6 Re2 56. Rg5 Ke4 0-1

[Event "4NCL/Div3/CELT2 vs. SCS"]
[Site "Hinckley Island ENG"]
[Date "2008.12.07"]
[Round "4.5"]
[White "Buttell, David"]
[Black "Fonseca, Antonio"]
[Result "1/2-1/2"]
[WhiteElo "1755"]
[BlackElo "1875"]
[PlyCount "27"]
[EventDate "2008.12.07"]
[SourceDate "2008.10.04"]

1. d4 d5 2. c4 c6 3. Nc3 Bf5 4. Nf3 e6 5. Qb3 Qc7 6. g3 Nd7 7. Bg2 Ngf6 8. O-O
Bd6 9. c5 Be7 10. Bf4 Qc8 11. Qd1 O-O 12. b4 a6 13. a4 b5 14. a5 1/2-1/2

[Event "4NCL/Div3/CELT2 vs. SCS"]
[Site "Hinckley Island ENG"]
[Date "2008.12.07"]
[Round "4.6"]
[White "Lutton, J Arnold"]
[Black "Bannon, Senan"]
[Result "1-0"]
[WhiteElo "1874"]
[BlackElo "1475"]
[PlyCount "85"]
[EventDate "2008.12.07"]
[SourceDate "2008.10.04"]

1. e4 c5 2. Nc3 Nc6 3. f4 e6 4. Nf3 Be7 5. Be2 Bh4+ 6. g3 Be7 7. O-O Nf6 8. d3
d5 9. Qe1 O-O 10. Bd1 a6 11. Nh4 Ne8 12. f5 Bxh4 13. gxh4 exf5 14. Nxd5 Ne7 15.
Nf4 Ng6 16. Nxg6 fxg6 17. exf5 b5 18. Bf3 Rb8 19. Be3 Qe7 20. Bg5 Qd7 21. Qc3
Qd4+ 22. Qxd4 cxd4 23. Bd5+ Kh8 24. Be7 Nc7 25. Bxf8 Nxd5 26. Bc5 Ne3 27. Rf2
Ng4 28. Re2 Bb7 29. h3 Bf3 30. Rd2 Ne5 31. Re1 Nc6 32. Re6 Rc8 33. Rd6 Kg8 34.
Kf2 Bh5 35. Bxd4 Nxd4 36. Rxd4 Rc6 37. c3 Kf7 38. Rd7+ Kf6 39. d4 h6 40. d5 Rc4
41. Rd6+ Ke5 42. Re6+ Kxf5 43. Rd4 1-0

[Event "4NCL/Div3/MIN vs. NOTT2"]
[Site "Hinckley Island ENG"]
[Date "2008.12.07"]
[Round "4.1"]
[White "Ackley, Peter"]
[Black "Taylor, Robert P"]
[Result "0-1"]
[WhiteElo "2112"]
[BlackElo "1944"]
[PlyCount "96"]
[EventDate "2008.12.07"]
[SourceDate "2008.10.04"]

1. g3 e5 2. c4 Nf6 3. Bg2 c6 4. d4 e4 5. Nc3 d5 6. Bg5 Bb4 7. Qb3 a5 8. cxd5
cxd5 9. Bxf6 gxf6 10. e3 Bxc3+ 11. bxc3 Nc6 12. Ne2 Rb8 13. c4 dxc4 14. Qxc4 f5
15. Nf4 Bd7 16. a4 Nb4 17. O-O b5 18. axb5 O-O 19. Rfc1 Rc8 20. Qb3 Qb6 21. Nd5
Rxc1+ 22. Rxc1 Qe6 23. Rc5 Rc8 24. Rxc8+ Bxc8 25. Qa3 Nxd5 26. Qxa5 Qb6 27. Qa8
Qb7 28. Qa5 Qc7 29. Qxc7 Nxc7 30. Bf1 Nd5 31. Bc4 Nb6 32. Be2 Kf8 33. f3 Ke7
34. fxe4 fxe4 35. g4 f5 36. gxf5 Bxf5 37. Kf2 Kf6 38. Bd1 Be6 39. Bc2 Bd5 40.
Kg3 Kf5 41. Bd1 Bc4 42. Bg4+ Kf6 43. Kf4 Bd3 44. Kg3 Bxb5 45. h4 Be8 46. Bd1
Nd5 47. Bc2 Bg6 48. h5 Bf5 0-1

[Event "4NCL/Div3/MIN vs. NOTT2"]
[Site "Hinckley Island ENG"]
[Date "2008.12.07"]
[Round "4.2"]
[White "Cranmer, Stan"]
[Black "Taylor, Robert K"]
[Result "0-1"]
[WhiteElo "1890"]
[BlackElo "2107"]
[PlyCount "74"]
[EventDate "2008.12.07"]
[SourceDate "2008.10.04"]

1. e4 c5 2. c3 Qa5 3. Na3 d6 4. Nc4 Qc7 5. d3 e6 6. Bf4 b5 7. Ne3 Bd7 8. Be2
Qb7 9. Bf3 Bc6 10. Ne2 Nf6 11. O-O Nbd7 12. Qc2 Ne5 13. Bxe5 dxe5 14. Rad1 Be7
15. Ng4 Nxg4 16. Bxg4 O-O 17. Bf3 Rab8 18. Rfe1 Rfc8 19. g3 f5 20. Bg2 c4 21.
f3 Qb6+ 22. Kh1 cxd3 23. Rxd3 b4 24. c4 fxe4 25. fxe4 Rf8 26. Ng1 Rf2 27. Rd2
b3 28. axb3 Rxd2 29. Qxd2 Bb4 30. Qe2 Bxe1 31. Qxe1 Qxb3 32. Qa5 Qxb2 33. Qxa7
Qb1 34. h4 Bxe4 35. Bxe4 Qxe4+ 36. Kh2 Rb2+ 37. Kh3 Qf5+ 0-1

[Event "4NCL/Div3/MIN vs. NOTT2"]
[Site "Hinckley Island ENG"]
[Date "2008.12.07"]
[Round "4.3"]
[White "Hardman, Michael J"]
[Black "Graham, Neil"]
[Result "1/2-1/2"]
[WhiteElo "2088"]
[BlackElo "1925"]
[PlyCount "41"]
[EventDate "2008.12.07"]
[SourceDate "2008.10.04"]

1. d4 Nf6 2. Nf3 c5 3. g3 cxd4 4. Nxd4 Nc6 5. Bg2 Qb6 6. Nxc6 dxc6 7. O-O Bf5
8. c4 Rd8 9. Qb3 Qxb3 10. axb3 e6 11. Be3 a6 12. Rc1 Be7 13. f3 O-O 14. Bb6 Rc8
15. e4 Bg6 16. Rd1 Bd8 17. Be3 Bc7 18. Nc3 Rfd8 19. Kf2 Rxd1 20. Rxd1 Rd8 21.
Rxd8+ 1/2-1/2

[Event "4NCL/Div3/MIN vs. NOTT2"]
[Site "Hinckley Island ENG"]
[Date "2008.12.07"]
[Round "4.4"]
[White "Myers, Richard"]
[Black "Hawkins, Nick"]
[Result "1/2-1/2"]
[WhiteElo "1840"]
[BlackElo "2013"]
[PlyCount "114"]
[EventDate "2008.12.07"]
[SourceDate "2008.10.04"]

1. d4 Nf6 2. Nc3 d5 3. Bg5 Bf5 4. e3 c6 5. Bd3 Bxd3 6. cxd3 Qb6 7. Qb3 Nbd7 8.
Nf3 e6 9. O-O Qxb3 10. axb3 h6 11. Bf4 Nh5 12. Be5 f6 13. Bg3 Nxg3 14. hxg3 Kf7
15. e4 Bd6 16. Ne1 a6 17. Nc2 Rhf8 18. b4 Kg8 19. Na4 b6 20. f4 a5 21. bxa5
Rxa5 22. e5 fxe5 23. dxe5 Bc5+ 24. d4 Be7 25. Nc3 Rfa8 26. Rxa5 Rxa5 27. Ra1
Rxa1+ 28. Nxa1 Kf7 29. Kf2 g5 30. Nc2 c5 31. Kf3 Kg6 32. Nb5 h5 33. Ne3 g4+ 34.
Ke2 Nf8 35. f5+ exf5 36. Nxd5 Bd8 37. b4 cxd4 38. Nf4+ Kf7 39. Nxd4 h4 40. Nxf5
hxg3 41. Nxg3 Bc7 42. Nd3 Ng6 43. Ke3 Nxe5 44. Ne2 Nxd3 45. Kxd3 Ke6 46. Ke4
Bb8 47. Nf4+ Kd6 48. Kf5 g3 49. Kg4 Ke5 50. Ne2 Kd5 51. Nxg3 Kc4 52. Ne2 Kxb4
53. Kf3 Be5 54. Ke4 Bg7 55. g4 Kc4 56. Nf4 b5 57. Nd5 b4 1/2-1/2

[Event "4NCL/Div3/MIN vs. NOTT2"]
[Site "Hinckley Island ENG"]
[Date "2008.12.07"]
[Round "4.5"]
[White "Twitchell, Neville H"]
[Black "Hill, Maurice J"]
[Result "1-0"]
[WhiteElo "1983"]
[BlackElo "1870"]
[PlyCount "61"]
[EventDate "2008.12.07"]
[SourceDate "2008.10.04"]

1. e4 c5 2. a3 Nc6 3. b4 cxb4 4. axb4 Nxb4 5. d4 d5 6. c3 Nc6 7. exd5 Qxd5 8.
Na3 Bf5 9. Nb5 Rc8 10. Be3 e6 11. Nxa7 Nxa7 12. Rxa7 Ne7 13. c4 Qe4 14. Qb3 Nc6
15. f3 Bb4+ 16. Kf2 Qh4+ 17. g3 Qe7 18. Ra4 O-O 19. d5 exd5 20. cxd5 Nd4 21.
Qxb4 Qxb4 22. Rxb4 Nc2 23. Rxb7 Rc3 24. Bd2 Ra3 25. g4 Bd3 26. Rb2 Rc8 27. d6
Nd4 28. Bb4 Rc1 29. Bxd3 Rxd3 30. Ra2 h5 31. gxh5 1-0

[Event "4NCL/Div3/MIN vs. NOTT2"]
[Site "Hinckley Island ENG"]
[Date "2008.12.07"]
[Round "4.6"]
[White "Willoughby, Robert"]
[Black "Chadwick, Susan E"]
[Result "1-0"]
[WhiteElo "1810"]
[BlackElo "1640"]
[PlyCount "107"]
[EventDate "2008.12.07"]
[SourceDate "2008.10.04"]

1. d4 d5 2. c4 c6 3. Nf3 dxc4 4. a4 b5 5. axb5 cxb5 6. e3 Bb7 7. b3 cxb3 8.
Bxb5+ Bc6 9. Qxb3 Bxb5 10. Qxb5+ Nd7 11. O-O e6 12. Bd2 Ngf6 13. Ba5 Qb8 14.
Qa4 Bd6 15. Nbd2 O-O 16. Rab1 Qe8 17. e4 Nh5 18. e5 Be7 19. Qa2 Nb6 20. g3 Nd5
21. Ne4 f5 22. Nc3 Qf7 23. Nxd5 exd5 24. Rb7 Qe6 25. Bd2 f4 26. Qb3 fxg3 27.
fxg3 h6 28. Bb4 Bxb4 29. Rxb4 a5 30. Rb5 Rfd8 31. Ra1 a4 32. Rxa4 Rxa4 33. Qxa4
Qg4 34. Qb3 Nf4 35. Kf2 Nh3+ 36. Ke2 Qe4+ 37. Qe3 Qg4 38. Kd2 Rf8 39. Rb3 Rxf3
40. Qxf3 Qxd4+ 41. Rd3 Qb2+ 42. Ke3 Qb6+ 43. Kd2 Qb2+ 44. Ke3 Qxe5+ 45. Kd2
Qb2+ 46. Ke1 Qe5+ 47. Kf1 Qa1+ 48. Kg2 Ng5 49. Qxd5+ Nf7 50. Rf3 Qa7 51. Qe6
Qa8 52. Qxf7+ Kh7 53. g4 Qe4 54. Qf5+ 1-0

[Event "4NCL/Div3/AMCAR vs. LIT3"]
[Site "Hinckley Island ENG"]
[Date "2008.12.07"]
[Round "4.1"]
[White "Mitchell, Stephen R"]
[Black "Mapletoft, Alexander J"]
[Result "1-0"]
[WhiteElo "1980"]
[BlackElo "1925"]
[PlyCount "73"]
[EventDate "2008.12.07"]
[SourceDate "2008.10.04"]

1. d4 d5 2. c4 e6 3. Nc3 Nf6 4. cxd5 exd5 5. Bg5 Be7 6. e3 c6 7. Qc2 h6 8. Bh4
Ne4 9. Bxe7 Kxe7 10. Nxe4 dxe4 11. Qxe4+ Be6 12. Ne2 Qa5+ 13. Nc3 Nd7 14. Be2
Nf6 15. Qc2 Rhd8 16. Qa4 Qb6 17. Qa3+ Ke8 18. O-O Rac8 19. Rac1 Nd5 20. Ne4 Qb4
21. Qxb4 Nxb4 22. a3 Nd5 23. Nc5 b6 24. Nxe6 fxe6 25. Rc2 Ke7 26. Rfc1 Kd6 27.
Rd2 e5 28. Bf3 exd4 29. Rxd4 Ke5 30. Bg4 Rc7 31. f4+ Kf6 32. e4 Ne3 33. Rxd8
Nxg4 34. Rd6+ Ke7 35. Rdxc6 Rxc6 36. Rxc6 Kd7 37. Rg6 1-0

[Event "4NCL/Div3/AMCAR vs. LIT3"]
[Site "Hinckley Island ENG"]
[Date "2008.12.07"]
[Round "4.2"]
[White "van der Westhuizen, Charles"]
[Black "Green, George D A"]
[Result "1-0"]
[WhiteElo "1915"]
[BlackElo "1975"]
[PlyCount "72"]
[EventDate "2008.12.07"]
[SourceDate "2008.10.04"]

1. d4 d5 2. c4 e6 3. Nc3 Nf6 4. cxd5 exd5 5. Bf4 c6 6. e3 Bf5 7. Nf3 Nbd7 8.
Be2 Be7 9. O-O O-O 10. Ne5 Re8 11. a3 h6 12. b4 a6 13. Bd3 Bxd3 14. Nxd3 Ne4
15. Nxe4 dxe4 16. Nc5 Nxc5 17. bxc5 Bg5 18. Bg3 Bh4 19. Rb1 Bxg3 20. hxg3 Rb8
21. Rb6 Qd5 22. Qb3 Qxb3 23. Rxb3 Red8 24. Rfb1 Rd7 25. Rb6 a5 26. Rxc6 Ra8 27.
Rcb6 Ra7 28. Kf1 Kf8 29. Ke2 Ke7 30. f3 f5 31. Kd2 Kd8 32. Re6 Re7 33. Rxe7
Kxe7 34. Rb6 Kf7 35. fxe4 fxe4 36. Kc3 Ke7 1-0

[Event "4NCL/Div3/AMCAR vs. LIT3"]
[Site "Hinckley Island ENG"]
[Date "2008.12.07"]
[Round "4.3"]
[White "Marley, Andrew"]
[Black "Farrall, David J"]
[Result "1-0"]
[WhiteElo "1805"]
[BlackElo "1818"]
[PlyCount "49"]
[EventDate "2008.12.07"]
[SourceDate "2008.10.04"]

1. d4 Nf6 2. c4 e6 3. Nf3 b6 4. g3 Bb7 5. Bg2 d5 6. O-O Nbd7 7. Nc3 dxc4 8. Re1
Bb4 9. a3 Bxc3 10. bxc3 O-O 11. Bg5 h6 12. Bf4 Nd5 13. Bd2 N7f6 14. Ne5 b5 15.
Rb1 Ba6 16. e4 Ne7 17. Qf3 Kh7 18. g4 Nfg8 19. Qh3 f6 20. Nf3 Qe8 21. g5 Ng6
22. gxf6 gxf6 23. e5 Rd8 24. exf6 Nxf6 25. Rxe6 1-0